[Event "East Detroit (MCO/5/51)"]
[Site "?"]
[Date "1985.??.??"]
[Round "?"]
[White "Torvik, D.."]
[Black "Solski, Jeff"]
[Result "1-0"]
[WhiteElo "1605"]
[BlackElo "1605"]
[PlyCount "89"]
[EventDate "1985.??.??"]

{5/(51)} 1. e4 d6 2. Bc4 Nf6 3. Nc3 Be6 4. Be2 g6 5. h3 Bg7 6. Nf3 O-O 7. O-O
c6 8. d4 b5 9. Be3 b4 10. e5 dxe5 11. dxe5 Nfd7 12. Nb1 Qa5 13. Qc1 Nxe5 14.
Nxe5 Bxe5 15. Nd2 Bd6 16. Nc4 Qc7 17. Nxd6 exd6 18. Bf3 Nd7 19. Bf4 Ne5 20. Be2
Qd7 21. Qe3 f6 22. Rad1 Rfe8 23. Qg3 Bd5 24. b3 Re7 25. Rd2 g5 26. Rfd1 Ng6 27.
Bxd6 Rg7 28. Bxb4 Re8 29. Bc4 Nf4 30. Bxd5+ cxd5 31. Bc3 Re2 32. Bxf6 Rg6 33.
Bxg5 Qf7 34. Qxf4 Re8 35. Qxf7+ Kxf7 36. Rxd5 Kf8 37. Be3 Rc6 38. c4 a5 39.
Rxa5 Kf7 40. Rd7+ Ke6 41. Rxh7 Rd8 42. Rh6+ Kd7 43. Rd5+ Kc7 44. Bf4+ Rcd6 45.
Bxd6+ 1-0

[Event "East Detroit (MCO/4/49)"]
[Site "?"]
[Date "1985.??.??"]
[Round "?"]
[White "Torvik, D.."]
[Black "Roland, J.."]
[Result "0-1"]
[WhiteElo "1605"]
[BlackElo "1605"]
[PlyCount "68"]
[EventDate "1985.??.??"]

{4/(49)} 1. b4 e5 2. Bb2 Nc6 3. a3 Nf6 4. d3 d5 5. h3 Be7 6. e3 a6 7. Nf3 Bd7
8. Be2 O-O 9. O-O b6 10. Nbd2 h6 11. Nb3 e4 12. dxe4 dxe4 13. Ne5 Nxe5 14. Bxe5
Qc8 15. Bxf6 Bxf6 16. Bg4 Bxg4 17. hxg4 Bxa1 18. Qxa1 Qxg4 19. Qc3 c5 20. bxc5
bxc5 21. Qxc5 Qc8 22. Qxc8 Rfxc8 23. Nd4 Rc3 24. Ra1 f5 25. a4 g5 26. Ra2 f4
27. Ne2 Rc4 28. exf4 gxf4 29. Nxf4 Rac8 30. Nd5 Kf7 31. Ne3 Rd4 32. a5 Rd2 33.
Kf1 Rb8 34. Ra4 Rb1+ 0-1

[Event "East Detroit (MCO/2/48)"]
[Site "?"]
[Date "1985.??.??"]
[Round "?"]
[White "Torvik, D.."]
[Black "Nixon, Peter"]
[Result "0-1"]
[WhiteElo "1605"]
[BlackElo "1605"]
[PlyCount "36"]
[EventDate "1985.??.??"]

{2/(48)} 1. d4 d5 2. c4 Nf6 3. Nc3 c5 4. e3 Bf5 5. b3 Nc6 6. cxd5 Nxd5 7. Nxd5
Qxd5 8. Bc4 Qxg2 9. Bxf7+ Kxf7 10. Qf3 Qxf3 11. Nxf3 cxd4 12. exd4 Nb4 13. Kd2
g6 14. Bb2 Bh6+ 15. Kc3 a5 16. Ne5+ Kg7 17. Rhg1 Rac8+ 18. Nc4 Nd5# 0-1

[Event "East Detroit (MCO/6/46)"]
[Site "?"]
[Date "1985.??.??"]
[Round "?"]
[White "Torvik, D.."]
[Black "Mellen, Steve"]
[Result "0-1"]
[WhiteElo "1605"]
[BlackElo "1605"]
[PlyCount "60"]
[EventDate "1985.??.??"]

{6/(46)} 1. d4 Nf6 2. c4 e6 3. Nc3 Bb4 4. e3 O-O 5. Nf3 d5 6. a3 Bxc3+ 7. bxc3
c6 8. Bd3 Re8 9. Qc2 Nbd7 10. O-O Qe7 11. Nd2 e5 12. cxd5 cxd5 13. e4 dxe4 14.
Nxe4 exd4 15. Bg5 h6 16. Nxf6+ Nxf6 17. Bxf6 Qxf6 18. Rfe1 Bd7 19. cxd4 Qxd4
20. Qd2 Bf5 21. Rad1 Qxd3 22. Rxe8+ Rxe8 23. Qc1 Qc2 24. Qxc2 Bxc2 25. Rc1 Rd8
26. h3 Rd1+ 27. Rxd1 Bxd1 28. g4 b5 29. f4 a5 30. Kf2 b4 0-1

[Event "East Lansing (MI Op/2/12)"]
[Site "?"]
[Date "1985.??.??"]
[Round "?"]
[White "Thurman, John"]
[Black "Kitts, Gary"]
[Result "0-1"]
[WhiteElo "1805"]
[BlackElo "2065"]
[PlyCount "54"]
[EventDate "1985.??.??"]

{2/(12)} 1. c4 Nf6 2. Nc3 g6 3. Nf3 Bg7 4. d4 O-O 5. e4 d6 6. Be2 e5 7. d5 Nbd7
8. Be3 h6 9. h3 Kh7 10. Qd2 Ng8 11. g4 Ne7 12. O-O-O Nc5 13. Rdg1 Bd7 14. Ne1
a6 15. Bxc5 dxc5 16. Nd3 b6 17. f4 exf4 18. e5 g5 19. h4 Kg8 20. hxg5 hxg5 21.
Bf3 Ng6 22. Qh2 Nh4 23. Be4 Rb8 24. Qf2 Re8 25. e6 fxe6 26. Nxf4 Rf8 27. Nce2
e5 0-1

[Event "East Lansing (MI Op/4/26)"]
[Site "?"]
[Date "1985.??.??"]
[Round "?"]
[White "Thurman, John"]
[Black "Chandler, P.."]
[Result "0-1"]
[WhiteElo "1805"]
[BlackElo "1900"]
[PlyCount "64"]
[EventDate "1985.??.??"]

{4/(26)} 1. c4 Nf6 2. Nc3 e6 3. e4 d6 4. d4 c5 5. d5 Be7 6. f4 exd5 7. cxd5 O-O
8. Nf3 Bg4 9. Be2 Nfd7 10. h3 Bxf3 11. gxf3 Bh4+ 12. Kd2 a6 13. a4 f5 14. Kc2
Bg3 15. Qg1 Qh4 16. Qg2 Rf6 17. exf5 Bxf4 18. Bd3 Ne5 19. Ne4 Rxf5 20. Rg1 g6
21. Bxf4 Nxd3 22. Kxd3 Rxd5+ 23. Ke3 Rf5 24. Bxd6 Nc6 25. Qg4 Qh6+ 26. Bf4 Qf8
27. Bd6 Qf7 28. Ra3 Nd4 29. Kf2 Re8 30. Bxc5 Rxc5 31. Nxc5 Re2+ 32. Kf1 Qc4 0-1

[Event "East Lansing (MI Op/6/22)"]
[Site "?"]
[Date "1985.??.??"]
[Round "?"]
[White "Thurman, John"]
[Black "Beydoun, N.."]
[Result "1-0"]
[WhiteElo "1805"]
[BlackElo "1975"]
[PlyCount "49"]
[EventDate "1985.??.??"]

{6/(22)} 1. c4 f5 2. Nf3 Nf6 3. d4 e6 4. Nc3 d6 5. g3 Be7 6. Bg2 O-O 7. b3 Qe8
8. Bb2 Qh5 9. Qc2 Nc6 10. a3 e5 11. Nd5 f4 12. Nxe7+ Nxe7 13. dxe5 Bf5 14. Qc1
Ne4 15. exd6 Nxd6 16. Qxf4 Be4 17. Qe5 Qxe5 18. Bxe5 Bc2 19. Nd4 Be4 20. Bxd6
Bxg2 21. Bxe7 Bxh1 22. Bxf8 Rxf8 23. f3 Bg2 24. Ne6 Rf6 25. Nf4 1-0

[Event "East Detroit (MCO/1/49)"]
[Site "?"]
[Date "1985.??.??"]
[Round "?"]
[White "Thornton, Ivan"]
[Black "Smith, Walt"]
[Result "0-1"]
[WhiteElo "1605"]
[BlackElo "1985"]
[PlyCount "77"]
[EventDate "1985.??.??"]

{1/(49)} 1. e4 c5 2. Nf3 Nc6 3. Bc4 d6 4. c3 Nf6 5. d3 g6 6. Ng5 Ne5 7. Bb5+
Bd7 8. a4 Bg7 9. Nd2 Bxb5 10. axb5 Nxd3+ 11. Ke2 Nf4+ 12. Kf3 h6 13. Nxf7 Kxf7
14. Qb3+ Ne6 15. Nc4 Qd7 16. Rd1 Ng5+ 17. Ke2 Qe6 18. Bxg5 hxg5 19. Rxd6 exd6
20. Nxd6+ Ke7 21. Qxe6+ Kxe6 22. Nxb7 Nxe4 23. f3 Rhb8 24. Ra6+ Kf7 25. fxe4
Rxb7 26. Ra5 Be5 27. g3 Rh8 28. b4 cxb4 29. cxb4 Rxh2+ 30. Kd3 Rh3 31. Kc4 Rxg3
32. Kd5 Re7 33. Kc6 Rc3+ 34. Kd5 Rd3+ 35. Kc4 Rd4+ 36. Kb3 Rc7 37. b6 Rd3+ 38.
Ka4 axb6 39. b5 0-1

[Event "East Detroit (MCO/4/50)"]
[Site "?"]
[Date "1985.??.??"]
[Round "?"]
[White "Thornton, Ivan"]
[Black "Nelson, M.."]
[Result "0-1"]
[WhiteElo "1605"]
[BlackElo "1605"]
[PlyCount "124"]
[EventDate "1985.??.??"]

{4/(50)} 1. e4 e5 2. Bc4 Nf6 3. Nf3 Nc6 4. d4 exd4 5. e5 Ng8 6. Nxd4 Nxe5 7.
Qe2 Qe7 8. O-O Nxc4 9. Qxc4 c6 10. Bd2 d5 11. Qc3 Qc7 12. Re1+ Be7 13. Nxc6
Qxc6 14. Qxg7 Qf6 15. Qxf6 Nxf6 16. Bc3 Be6 17. Nd2 Rd8 18. Nf3 Rg8 19. Ne5 Bh3
20. g3 Ne4 21. Bd4 a6 22. Rad1 h5 23. Bb6 Rd6 24. Bc7 Rf6 25. Rxd5 Be6 26. Ra5
Nxf2 27. Re2 Ng4 28. c4 Nxe5 29. Bxe5 Rfg6 30. a4 Bxc4 31. Rc2 Bd8 32. Rc5 Bb3
33. Re2 Be6 34. Bd4 h4 35. Rc8 hxg3 36. h3 Kd7 37. Rb8 Bd5 38. Re5 Bc6 39. Rh5
Re6 40. Rxd8+ Rxd8 41. Be5 Kc8 42. Bxg3 Rd1+ 43. Kf2 Rf6+ 44. Ke3 Rf3+ 45. Ke2
Rfd3 46. Rh8+ Kd7 47. Bh4 Bf3+ 48. Kf2 R1d2+ 49. Kg3 Kc6 50. Rf8 Bg2+ 51. Kf4
Rxb2 52. Rc8+ Kb6 53. Bd8+ Ka7 54. a5 Rxh3 55. Bb6+ Rxb6 56. axb6+ Kxb6 57. Rd8
a5 58. Rd2 Bc6 59. Kf5 a4 60. Kg4 Rh7 61. Kf4 a3 62. Kg3 Bd5 0-1

[Event "East Lansing (MI Op/2/2)"]
[Site "?"]
[Date "1985.??.??"]
[Round "?"]
[White "Thompson, Dexter"]
[Black "Thomas, C.."]
[Result "1/2-1/2"]
[WhiteElo "2260"]
[BlackElo "2045"]
[PlyCount "160"]
[EventDate "1985.??.??"]

{2/(2)} 1. e4 e6 2. d4 d5 3. e5 c5 4. c3 Nc6 5. Nf3 Bd7 6. a3 Qb6 7. b4 cxd4 8.
cxd4 Rc8 9. Be2 Nge7 10. O-O Nf5 11. Bb2 h5 12. Kh1 Be7 13. Nc3 g5 14. Na4 Qd8
15. Nc5 Bxc5 16. dxc5 g4 17. Nd4 Ncxd4 18. Bxd4 Qh4 19. g3 Qg5 20. f4 Qg7 21.
Bf2 h4 22. Kg2 hxg3 23. hxg3 Rh3 24. Qd2 d4 25. b5 Rxc5 26. Rh1 Rxh1 27. Rxh1
Bxb5 28. Bxb5+ Rxb5 29. Qc2 Ne7 30. Qa4 a6 31. Qxd4 Nd5 32. a4 Rb3 33. Qc5 Rc3
34. Qd6 Rc7 35. Rd1 Rd7 36. Qb8+ Rd8 37. Qxb7 Kf8 38. Rh1 Kg8 39. Rh5 f6 40.
Qxa6 Qd7 41. Rh4 f5 42. Qb5 Qxb5 43. axb5 Rb8 44. Rh6 Kf7 45. b6 Nxb6 46. Rh7+
Kg8 47. Re7 Nd5 48. Rxe6 Rb2 49. Kf1 Kf7 50. Rd6 Nc3 51. Rf6+ Ke8 52. Rxf5 Ne4
53. Be1 Ke7 54. e6 Rb3 55. Re5 Nf6 56. Bf2 Rb1+ 57. Kg2 Rb2 58. f5 Rc2 59. Kf1
Rc1+ 60. Re1 Rxe1+ 61. Bxe1 Nd5 62. Bf2 Kf6 63. Bc5 Kxf5 64. e7 Nf6 65. Kf2 Ke4
66. Ke2 Ne8 67. Be3 Nf6 68. Bf4 Ne8 69. Kd2 Kd4 70. Kc2 Kc4 71. Kb2 Kb4 72. Be5
Kc4 73. Ka3 Kd5 74. Bf4 Ke6 75. Bg5 Ng7 76. Kb4 Kf7 77. Kc5 Nf5 78. Kc6 Ke8 79.
Bf4 Kxe7 80. Kd5 Kf6 1/2-1/2

[Event "Ann Arbor (Masters/Experts Inv)"]
[Site "?"]
[Date "1985.??.??"]
[Round "?"]
[White "Thompson, Dexter"]
[Black "Poschel, Paul"]
[Result "1-0"]
[WhiteElo "2260"]
[BlackElo "2320"]
[PlyCount "55"]
[EventDate "1985.??.??"]

1. e4 c5 2. Nf3 e6 3. d4 cxd4 4. Nxd4 Nf6 5. Nc3 Nc6 6. Ndb5 d6 7. Bf4 e5 8.
Bg5 a6 9. Bxf6 gxf6 10. Na3 Be6 11. Bc4 b5 12. Bd5 Rc8 13. Qh5 Ke7 14. Ne2 Nb4
15. Bb3 Bxb3 16. axb3 Rxc2 17. Nxc2 Nxc2+ 18. Kd2 Nxa1 19. Rxa1 d5 20. Rxa6
dxe4+ 21. Ke1 Ke8 22. Nc3 Bb4 23. Ra7 Rf8 24. Qf5 Bc5 25. Rb7 Be7 26. Qxe4 Rg8
27. Ra7 Qb6 28. Rxe7+ 1-0

[Event "East Lansing (MI Op/7/2)"]
[Site "?"]
[Date "1985.??.??"]
[Round "?"]
[White "Thompson, Dexter"]
[Black "Poschel, Paul"]
[Result "1/2-1/2"]
[WhiteElo "2260"]
[BlackElo "2320"]
[PlyCount "59"]
[EventDate "1985.??.??"]

{7/(2)} 1. e4 c5 2. c3 Nf6 3. e5 Nd5 4. d4 cxd4 5. Qxd4 e6 6. Nf3 Nc6 7. Qe4 d6
8. Nbd2 dxe5 9. Nxe5 Nf6 10. Nxc6 Qxd2+ 11. Bxd2 Nxe4 12. Ne5 Bc5 13. Bb5+ Ke7
14. Nd3 Bb6 15. Bf4 a6 16. Ba4 Rd8 17. O-O-O Bd7 18. Bxd7 Rxd7 19. f3 Rad8 20.
Ne5 Rxd1+ 21. Rxd1 Rxd1+ 22. Kxd1 Nd6 23. Ke2 f6 24. Nd3 e5 25. Be3 Bxe3 26.
Kxe3 Ke6 27. b3 Nf5+ 28. Ke4 Nd6+ 29. Ke3 Nf5+ 30. Ke4 1/2-1/2

[Event "Ann Arbor (Masters/Experts Inv)"]
[Site "?"]
[Date "1985.??.??"]
[Round "?"]
[White "Thompson, Dexter"]
[Black "Laren, Philip"]
[Result "1-0"]
[WhiteElo "2260"]
[BlackElo "2150"]
[PlyCount "131"]
[EventDate "1985.??.??"]

1. e4 e6 2. d4 d5 3. e5 c5 4. c3 Nc6 5. Nf3 Bd7 6. a3 c4 7. Nbd2 Qc7 8. g3 f6
9. exf6 gxf6 10. b4 cxb3 11. Nxb3 O-O-O 12. Bg2 Bd6 13. O-O Nge7 14. Qd3 e5 15.
dxe5 fxe5 16. Ng5 e4 17. Qe2 Ne5 18. Bf4 N7g6 19. Bxe5 Nxe5 20. Nd4 Rde8 21.
Nb5 Bxb5 22. Qxb5 Qc6 23. Rfb1 h6 24. Bh3+ Kb8 25. Qxc6 Nxc6 26. Nf7 Be5 27.
Nxh8 Rxh8 28. Rb5 Bxc3 29. Rab1 b6 30. Rxd5 Rf8 31. Rf5 Rd8 32. Rc5 Nd4 33. Kf1
Nf3 34. Kg2 Ne1+ 35. Kh1 Bd4 36. Rc8+ Rxc8 37. Bxc8 Nd3 38. Ba6 Nxf2+ 39. Kg2
Bc5 40. Rc1 Ng4 41. Kh3 Ne5 42. Kh4 Nf3+ 43. Kh5 Nxh2 44. Re1 e3 45. Be2 Bxa3
46. Rh1 Bd6 47. Kh4 b5 48. Rxh2 b4 49. Bc4 Kc7 50. Re2 Be7+ 51. Kg4 Bg5 52. Kf3
Kb6 53. Ra2 a5 54. Ke2 Kc5 55. Kd3 Bd8 56. Bf7 Kb5 57. Kxe3 Bg5+ 58. Kd4 Bf6+
59. Kd5 b3 60. Be8+ Kb6 61. Rf2 Bg7 62. Kc4 b2 63. Bg6 Kc6 64. Be4+ Kd6 65. Rf7
Be5 66. g4 1-0

[Event "East Lansing (MI Op/5/2)"]
[Site "?"]
[Date "1985.??.??"]
[Round "?"]
[White "Thompson, Dexter"]
[Black "Kitts, Gary"]
[Result "1-0"]
[WhiteElo "2260"]
[BlackElo "2065"]
[PlyCount "29"]
[EventDate "1985.??.??"]

{5/(2)} 1. e4 Nf6 2. e5 Nd5 3. c4 Nb6 4. d4 d6 5. f4 dxe5 6. fxe5 Nc6 7. Be3
Bf5 8. Nc3 e6 9. Nf3 Be7 10. d5 exd5 11. cxd5 Nb4 12. Nd4 Bg6 13. Bb5+ Kf8 14.
O-O N4xd5 15. Ne6+ 1-0

[Event "Westland (MEX/3)"]
[Site "?"]
[Date "1985.??.??"]
[Round "?"]
[White "Thompson, Dexter"]
[Black "Finegold, Ron"]
[Result "1-0"]
[WhiteElo "2260"]
[BlackElo "2095"]
[PlyCount "87"]
[EventDate "1985.??.??"]

1. e4 c5 2. c3 Nf6 3. e5 Nd5 4. d4 cxd4 5. cxd4 d6 6. Nf3 e6 7. Nc3 Nxc3 8.
bxc3 d5 9. Bd3 Be7 10. h4 h6 11. Rh3 Bd7 12. Rg3 Bf8 13. a4 Nc6 14. Ba3 Ne7 15.
Nh2 Nf5 16. Bxf8 Kxf8 17. Bxf5 exf5 18. Qb3 Bc6 19. Qa3+ Kg8 20. Nf3 Kh7 21.
Kd2 Re8 22. Re1 Bd7 23. Qd6 f4 24. e6 fxg3 25. exd7 Rxe1 26. Kxe1 Qf6 27. Qxd5
Rd8 28. Qxb7 Qe7+ 29. Ne5 f6 30. Qe4+ Kg8 31. Qd5+ Kh8 32. Qc5 Qe6 33. Qc7
gxf2+ 34. Kxf2 fxe5 35. Qxd8+ Kh7 36. Qe8 Qf5+ 37. Ke3 Qf4+ 38. Kd3 Qf1+ 39.
Ke4 Qe2+ 40. Kf5 Qf2+ 41. Kxe5 Qf6+ 42. Kd5 Qf5+ 43. Kd6 Qf6+ 44. Qe6 1-0

[Event "Westland (MEX/4)"]
[Site "?"]
[Date "1985.??.??"]
[Round "?"]
[White "Thompson, Dexter"]
[Black "Avery, Robert W"]
[Result "0-1"]
[WhiteElo "2260"]
[BlackElo "2150"]
[PlyCount "66"]
[EventDate "1985.??.??"]

1. e4 e5 2. Nf3 Nc6 3. d4 exd4 4. c3 dxc3 5. Bc4 d6 6. Nxc3 Nf6 7. Qb3 Qd7 8.
Ng5 Ne5 9. Bb5 c6 10. f4 Ng6 11. Bc4 d5 12. exd5 Bc5 13. dxc6 Qe7+ 14. Kf1 O-O
15. Bd2 bxc6 16. Re1 Qc7 17. Nxf7 Rxf7 18. Na4 Bd4 19. Ba5 Qxa5 20. Bxf7+ Kf8
21. Bc4 Nxf4 22. Qa3+ c5 23. Qf3 N4d5 24. g4 Qxa4 25. Bxd5 Bxg4 26. Qg3 Qb5+
27. Kg2 Qxb2+ 28. Kf1 Rd8 29. Bf3 Bh3+ 30. Bg2 Bc8 31. Bf3 Nh5 32. Re2 Nxg3+
33. hxg3 Ba6 0-1

[Event "East Lansing (MI Op/3/5)"]
[Site "?"]
[Date "1985.??.??"]
[Round "?"]
[White "Thompson, Dexter"]
[Black "Almquist, W.."]
[Result "1-0"]
[WhiteElo "2260"]
[BlackElo "1735"]
[PlyCount "71"]
[EventDate "1985.??.??"]

{3/(5)} 1. e4 e6 2. d4 d5 3. e5 c5 4. c3 Nc6 5. Nf3 Qc7 6. Bd3 cxd4 7. cxd4
Bb4+ 8. Bd2 Bxd2+ 9. Qxd2 f6 10. O-O fxe5 11. dxe5 Nxe5 12. Nxe5 Qxe5 13. Re1
Qf6 14. Bb5+ Bd7 15. Qxd5 O-O-O 16. Qc5+ Bc6 17. Bxc6 bxc6 18. Qxc6+ Kb8 19.
Na3 Ne7 20. Qxe6 Qxe6 21. Rxe6 Rd7 22. Rae1 Rhd8 23. g3 Nd5 24. Nc4 Nb4 25. Ne5
Rd1 26. Rxd1 Rxd1+ 27. Kg2 Kc7 28. a3 Nd5 29. Rc6+ Kb7 30. Rc2 Rd4 31. Nf3 Ra4
32. Ng5 h6 33. Ne6 Rg4 34. Rc5 Rg6 35. Nd8+ Kb6 36. Rxd5 1-0

[Event "East Detroit (MCO/3/26)"]
[Site "?"]
[Date "1985.??.??"]
[Round "?"]
[White "Thomas, Jeff"]
[Black "Ward, Tim"]
[Result "0-1"]
[WhiteElo "1605"]
[BlackElo "1880"]
[PlyCount "88"]
[EventDate "1985.??.??"]

{3/(26)} 1. e4 e6 2. d4 d5 3. Nc3 Nf6 4. e5 Nfd7 5. Bd3 c5 6. dxc5 Nxe5 7. Bf4
Nbc6 8. Bb5 Bd7 9. Bxe5 Nxe5 10. Bxd7+ Qxd7 11. Qd4 Nc6 12. Qe3 d4 13. Qd3 dxc3
14. Qxc3 Qd4 15. Ne2 Qxc3+ 16. Nxc3 Bxc5 17. Ne4 Be7 18. O-O-O O-O 19. Rd7 f5
20. Ng3 Rab8 21. Re1 Rfd8 22. Red1 Rxd7 23. Rxd7 Rd8 24. Rxd8+ Bxd8 25. b3 Bc7
26. Ne2 e5 27. Kd2 Kf7 28. Nc3 Ke6 29. Na4 Bd6 30. c3 e4 31. Ke3 b5 32. Nb2 Be5
33. Nd1 Ne7 34. f4 Nd5+ 35. Ke2 Nxf4+ 36. Kf2 Nd3+ 37. Kg1 f4 38. Kf1 g5 39.
Ke2 Nc1+ 40. Kd2 Nxa2 41. b4 Nxc3 42. Nxc3 Bxc3+ 43. Kxc3 Kd5 44. Kd2 Kc4 0-1

[Event "Westland (SEMO Res/5/25)"]
[Site "?"]
[Date "1985.??.??"]
[Round "?"]
[White "Thomas, Jeff"]
[Black "Steury, M.."]
[Result "1/2-1/2"]
[WhiteElo "1605"]
[BlackElo "1685"]
[PlyCount "82"]
[EventDate "1985.??.??"]

{5/(25)} 1. e4 e6 2. d4 d5 3. exd5 exd5 4. Bd3 Nc6 5. Be3 Nb4 6. Nc3 Nxd3+ 7.
Qxd3 Nf6 8. O-O-O c6 9. Bg5 Be7 10. Re1 O-O 11. Qe3 Bb4 12. Qg3 Bxc3 13. Qxc3
Qd6 14. Qe3 Bf5 15. Qe5 Qxe5 16. Rxe5 Bg6 17. Bxf6 gxf6 18. Re2 Rfe8 19. b3 Re6
20. Re3 Rae8 21. Kd2 Kf8 22. Nh3 Ke7 23. Nf4 Re4 24. Rxe4+ dxe4 25. Nxg6+ fxg6
26. Re1 f5 27. f3 Kf6 28. fxe4 Rxe4 29. Rxe4 fxe4 30. Ke3 Kf5 31. h3 h5 32. c3
b6 33. a4 g5 34. g3 c5 35. d5 Ke5 36. d6 Kxd6 37. Kxe4 Ke6 38. g4 hxg4 39. hxg4
a6 40. b4 c4 41. a5 b5 1/2-1/2

[Event "Westland (SEMO Res/2/30)"]
[Site "?"]
[Date "1985.??.??"]
[Round "?"]
[White "Thomas, Jeff"]
[Black "Purdy, W.."]
[Result "1-0"]
[WhiteElo "1605"]
[BlackElo "1605"]
[PlyCount "109"]
[EventDate "1985.??.??"]

{2/(30)} 1. e4 c5 2. c3 a6 3. d4 cxd4 4. Nf3 dxc3 5. Nxc3 Nc6 6. b3 e6 7. Bb2
Qa5 8. Qd2 Nf6 9. Bd3 Bc5 10. Nb1 Qxd2+ 11. Nbxd2 Nb4 12. Bb1 Nh5 13. a3 Nc6
14. h3 Nf6 15. Ng5 e5 16. Nc4 b5 17. Nxe5 Nxe5 18. Bxe5 h6 19. Bxf6 gxf6 20.
Nf3 Bb7 21. O-O Rg8 22. Nh4 d5 23. Re1 O-O-O 24. Rc1 dxe4 25. Rxc5+ Kb8 26. Bc2
Rd2 27. Rd1 e3 28. Rxd2 exd2 29. Rf5 Be4 30. Bd1 Bxf5 31. Nxf5 Rc8 32. Kf1 Rc1
33. Ke2 Ra1 34. Nxh6 Rxa3 35. Kxd2 b4 36. Nxf7 a5 37. h4 a4 38. bxa4 b3 39. Kc1
Ra1+ 40. Kd2 Ra2+ 41. Kc3 Rxf2 42. Bf3 b2 43. Be4 Rxg2 44. Bc2 f5 45. Kxb2 f4
46. Ne5 Rh2 47. Nf3 Rh3 48. Be4 Rg3 49. Kc3 Rg7 50. a5 Re7 51. Kd4 Ra7 52. Ke5
Rxa5+ 53. Kxf4 Kc7 54. Ne5 Kd8 55. Nc6+ 1-0

[Event "East Detroit (MCO/5/27)"]
[Site "?"]
[Date "1985.??.??"]
[Round "?"]
[White "Thomas, Jeff"]
[Black "Gaba, H.."]
[Result "0-1"]
[WhiteElo "1605"]
[BlackElo "1800"]
[PlyCount "46"]
[EventDate "1985.??.??"]

{5/(27)} 1. e4 c5 2. d4 cxd4 3. Qxd4 Nc6 4. Qd1 e5 5. Bb5 Qa5+ 6. Qd2 Qxb5 7.
Nf3 Nf6 8. Nc3 Qa5 9. Nd5 Qxd2+ 10. Bxd2 Nxd5 11. exd5 Nd8 12. Nxe5 Bd6 13. Nc4
Bc7 14. d6 Bb6 15. O-O O-O 16. Nxb6 axb6 17. Be3 b5 18. Rfe1 Ne6 19. a3 b6 20.
Rad1 Bb7 21. Bxb6 Ra6 22. Be3 Rc8 23. c3 h6 {[Remainder illegible; 0-1, 77?]}
0-1

[Event "East Detroit (MCO/1/24)"]
[Site "?"]
[Date "1985.??.??"]
[Round "?"]
[White "Thomas, Jeff"]
[Black "Eagle, Chris"]
[Result "0-1"]
[WhiteElo "1605"]
[BlackElo "1960"]
[PlyCount "94"]
[EventDate "1985.??.??"]

{1/(24)} 1. e4 e5 2. Nf3 Nc6 3. Bb5 a6 4. Bxc6 dxc6 5. O-O Bg4 6. d3 Bd6 7.
Nbd2 Qe7 8. Qe1 O-O-O 9. d4 exd4 10. h3 Bxf3 11. Nxf3 Bc5 12. b3 Nf6 13. e5 Nd5
14. Bg5 f6 15. exf6 Nxf6 16. Qxe7 Bxe7 17. Rad1 c5 18. Rfe1 Rhe8 19. Re2 Bd6
20. Rde1 Rxe2 21. Rxe2 Re8 22. Rxe8+ Nxe8 23. Kf1 Kd7 24. Ke2 h6 25. Bh4 Ke6
26. Kd3 g5 27. Bg3 Bxg3 28. fxg3 Kd5 29. b4 c4+ 30. Ke2 b5 31. h4 g4 32. Nh2 h5
33. Kd2 Nf6 34. Nf1 Ne4+ 35. Ke2 Nc3+ 36. Kd2 Nxa2 37. c3 Nxc3 38. Ne3+ dxe3+
39. Kxc3 Ke4 40. Kc2 Kd4 41. Kd1 Kd3 42. Ke1 c3 43. Kf1 e2+ 44. Kg1 e1=Q+ 45.
Kh2 Qf2 46. Kh1 Qxg3 47. Kg1 c2 0-1

[Event "Westland (SEMO Res/2/31)"]
[Site "?"]
[Date "1985.??.??"]
[Round "?"]
[White "Thomas, Henry"]
[Black "Patterson, M.."]
[Result "1-0"]
[WhiteElo "1620"]
[BlackElo "1605"]
[PlyCount "55"]
[EventDate "1985.??.??"]

{2/(31)} 1. f4 g6 2. Nf3 Bg7 3. e3 Nf6 4. Nc3 d6 5. d4 O-O 6. Bd3 Nc6 7. a3 Bg4
8. d5 Nb8 9. h3 Bd7 10. g4 e6 11. g5 Nxd5 12. Nxd5 exd5 13. Qe2 Re8 14. Qg2 Nc6
15. c3 d4 16. cxd4 Nxd4 17. Kf2 Nxf3 18. Qxf3 Bc6 19. e4 d5 20. e5 d4 21. Be4
f5 22. Bxc6 bxc6 23. Qxc6 Rb8 24. b4 Bf8 25. Bb2 Rb6 26. Qc4+ Kg7 27. Bxd4 Rb7
28. e6+ 1-0

[Event "Westland (SEMO Res/4/20)"]
[Site "?"]
[Date "1985.??.??"]
[Round "?"]
[White "Thomas, Henry"]
[Black "Gentry, S.."]
[Result "1-0"]
[WhiteElo "1620"]
[BlackElo "1695"]
[PlyCount "51"]
[EventDate "1985.??.??"]

{4/(20)} 1. f4 Nf6 2. Nf3 g6 3. b3 Bg7 4. Bb2 O-O 5. e3 d5 6. Be2 c5 7. d3 Nc6
8. O-O Re8 9. Qe1 Qc7 10. Na3 a6 11. c4 e6 12. Nc2 b6 13. Ne5 Nd7 14. d4 cxd4
15. exd4 Nxd4 16. Bxd4 Nxe5 17. Bxe5 Bxe5 18. fxe5 Qxe5 19. Qf2 Re7 20. Rae1
dxc4 21. Bf3 Qb8 22. Bxa8 Qxa8 23. Qxb6 Bb7 24. Rd1 Re8 25. Rd7 cxb3 26. Rfxf7
1-0

[Event "East Lansing (MI Op/1b/13)"]
[Site "?"]
[Date "1985.??.??"]
[Round "?"]
[White "Thomas, Carlton"]
[Black "Mikus, Jim"]
[Result "1-0"]
[WhiteElo "2045"]
[BlackElo "1795"]
[PlyCount "87"]
[EventDate "1985.??.??"]

1. e4 c6 2. d4 d5 3. Nc3 dxe4 4. Nxe4 Bf5 5. Ng3 Bg6 6. h4 h6 7. Nf3 Nd7 8. h5
Bh7 9. Bd3 Bxd3 10. Qxd3 Ngf6 11. Bd2 e6 12. O-O-O Bd6 13. Ne4 Nxe4 14. Qxe4
Nf6 15. Qe2 Qc7 16. Ne5 O-O-O 17. Rh3 Nd5 18. c4 Bxe5 19. dxe5 Nb6 20. Ba5
Rxd1+ 21. Kxd1 Rd8+ 22. Kc1 Qb8 23. c5 Rd5 24. cxb6 Rxa5 25. f4 axb6 26. Qg4
Kd7 27. Qxg7 Qe8 28. Rd3+ Kc7 29. a3 Qe7 30. Kb1 Ra8 31. g4 Qf8 32. Qf6 b5 33.
Rd6 Qg8 34. g5 hxg5 35. fxg5 Re8 36. Rd1 Qh7+ 37. g6 Qxh5 38. Qxf7+ Kb6 39. Rd7
Qf5+ 40. Qxf5 exf5 41. g7 f4 42. Rf7 Rg8 43. e6 f3 44. e7 1-0

[Event "Westland (MEX/1)"]
[Site "?"]
[Date "1985.??.??"]
[Round "?"]
[White "Thomas, Carlton"]
[Black "Laren, Philip"]
[Result "0-1"]
[WhiteElo "2045"]
[BlackElo "2150"]
[PlyCount "118"]
[EventDate "1985.??.??"]

1. e4 d5 2. exd5 Nf6 3. d4 Nxd5 4. c4 Nb6 5. Nf3 g6 6. Be2 Bg7 7. O-O O-O 8.
Nc3 Bg4 9. c5 Nd5 10. Qb3 Nxc3 11. bxc3 b6 12. cxb6 axb6 13. Bf4 Nc6 14. Rad1
Na5 15. Qc2 Bf5 16. Qc1 Nb7 17. Bc4 Nd6 18. Bb3 Ra5 19. Ne5 Qa8 20. Rfe1 c5 21.
d5 c4 22. Bc2 Rxd5 23. Bxf5 Nxf5 24. Nxc4 b5 25. Rxd5 Qxd5 26. Na3 Rc8 27. Rd1
Qc6 28. Qb2 Nh4 29. f3 Qc5+ 30. Kh1 Bxc3 31. Qc1 b4 32. Nb1 Ra8 33. Qc2 Qc4 34.
Nxc3 bxc3 35. Be5 f6 36. Bxc3 Rxa2 37. Qd3 Qxd3 38. Rxd3 Rc2 39. Bd2 g5 40. g3
Nxf3 41. Rxf3 Rxd2 42. Rc3 Kg7 43. Rc7 Re2 44. Kg1 h5 45. Rd7 Kg6 46. Rb7 Kf5
47. Rb4 Re4 48. Rb2 h4 49. Kf2 Kg4 50. Kg2 h3+ 51. Kf2 e5 52. Ra2 f5 53. Ra5 f4
54. gxf4 gxf4 55. Rb5 Kf5 56. Rb2 Ra4 57. Kf3 Ra3+ 58. Kf2 Ra1 59. Re2 Rh1 0-1

[Event "East Detroit (MCO/5/8)"]
[Site "?"]
[Date "1985.??.??"]
[Round "?"]
[White "Thomas, C.."]
[Black "Smith, Walt"]
[Result "1/2-1/2"]
[WhiteElo "2075"]
[BlackElo "1985"]
[PlyCount "140"]
[EventDate "1985.??.??"]

{5/(8)} 1. e4 c5 2. Nf3 Nc6 3. d4 cxd4 4. Nxd4 Nf6 5. Nc3 d6 6. Be2 g6 7. Be3
Bg7 8. Nb3 Be6 9. Qd2 h5 10. Bg5 Rc8 11. O-O a6 12. f4 Qb6+ 13. Kh1 Qb4 14. Bd3
Nd4 15. Nxd4 Qxd4 16. Bb5+ Nd7 17. Bxd7+ Kxd7 18. Qe1 Qb4 19. Rb1 b5 20. e5 Rc6
21. a3 Qa5 22. Rd1 Rhc8 23. Bxe7 Rxc3 24. Bxd6 Ke8 25. bxc3 Qxc3 26. Qh4 Bf8
27. Bxf8 Kxf8 28. Rd8+ Rxd8 29. Qxd8+ Kg7 30. Qd3 Qb2 31. Rd1 Kh7 32. h3 Bc4
33. Qe4 Be6 34. Rd8 Qxa3 35. Kh2 Qc1 36. Kg3 Bf5 37. Qd4 Qe1+ 38. Kh2 h4 39.
Qd2 Qxd2 40. Rxd2 b4 41. Rd4 a5 42. Rd5 a4 43. Rd4 b3 44. cxb3 axb3 45. Rb4 Be6
46. f5 gxf5 47. Rxh4+ Kg6 48. Rb4 Kg5 49. Kg3 Bd5 50. h4+ Kh5 51. Kf2 Be4 52.
Rxb3 Kxh4 53. Rg3 Kh5 54. Ke3 Bd5 55. Kf4 Be6 56. Rg5+ Kh6 57. Rxf5 Bxf5 58.
Kxf5 Kg7 59. g4 Kg8 60. Kf6 Kf8 61. g5 Ke8 62. e6 Kf8 63. g6 fxg6 64. Kxg6 Ke7
65. Kf5 Ke8 66. Ke4 Ke7 67. Kd5 Ke8 68. Kd4 Ke7 69. Kd5 Ke8 70. Kd6 Kd8 1/2-1/2